00752nam a2200193 4500001000700000003000900007007000300016008004100019100003600060245010500096260003200201300003300233490003600266700003100302830005500333852003100388999001900419952012000438112445ES-MaACLt|061121s1954 sp r ||||1| spa d1 aMuñoz Linares, Carlos.98444213aEl monopolio de la industria eléctrica / cCarlos Muñoz Linares ; prólogo de Manuel de Torres. aMadrid : bAguilar, c1954. aXV, 204 p. : bil ; c22 cm.1 aBiblioteca de ciencias sociales1 aTorres, Manuel de.911090400aBiblioteca de ciencias sociales (Aguilar) 9220462 aES-MaACLjC-8251 bR.36229 c112445d112445 00104070aATENEOMbATENEOMcSPALd2008-01-17eSCl0oC-8251p1117296r2023-02-23 00:00:00w2023-02-23yMONOGRAFIA